Ecology and Toxicology : (Record no. 171134)

MARC details
000 -LEADER
fixed length control field 00583nam a2200193 4500
005 - DATE AND TIME OF LATEST TRANSACTION
control field 20200107121918.0
010 ## - LCCN (DPL NO)
LC control number ENG-127282
020 ## - INTERNATIONAL STANDARD BOOK NUMBER
International Standard Book Number 9789386519283
Terms of availability 380.00
035 ## - SYSTEM CONTROL NUMBER
System control number EN-110814
037 ## - SOURCE OF ACQUISITION
Source of stock number/acquisition DBAD/PUB
082 ## - DEWEY DECIMAL CLASSIFICATION NUMBER
Classification number 577
100 ## - MAIN ENTRY--PERSONAL NAME
Personal name Arumugam,C.N
245 ## - TITLE STATEMENT
Title Ecology and Toxicology :
Statement of responsibility, etc by C.N , Arumugam
Remainder of title /
260 ## - PUBLICATION, DISTRIBUTION, ETC. (IMPRINT)
Place of publication, distribution, etc New Delhi
Name of publisher, distributor, etc saras Publishers
Date of publication, distribution, etc 2018
270 ## - ADDRESS
Address 114/35GA.R.P Camp Road,Periavillai kottar P.O,Nagercoil
City Tamil Nadu
Postal code 629002
300 ## - PHYSICAL DESCRIPTION
Extent xiv 741p.
Dimensions 24cm(pbk)
500 ## - GENERAL NOTE
General note It include Index
942 ## - ADDED ENTRY ELEMENTS (KOHA)
Source of classification or shelving scheme Dewey Decimal Classification
Item type English Books
Classification part 577
Call number suffix CNA
Holdings
Withdrawn status Lost status Not for loan Collection code Home library Current library Date acquired Source of acquisition Cost, normal purchase price Full call number Barcode Copy number Cost, replacement price Koha item type
      Non-fiction Mobile Library Mobile Library 07/01/2020 DBAD/PUB 380.00 577 ARU EN-110814 1 380.00 English Books

© Delhi Public Library
Hit Counter
free hit counter